MARC

Tag First Indicator Second Indicator Subfields
LEADER 00000cam a2200000Ia 4500
001 in00002694321
005 20151202121906.0
008 110527s2011 txua t s000 0 eng d
035 |a (OCoLC)ocn733076323 
040 |a IKM  |c IKM  |d TXA  |d UtOrBLW 
049 |a TXAM 
086 |a Z TA505.7 M713 NO.10-20-58  |2 txdocs 
090 |a TE175  |b .O93 2011 
100 1 |a Overman, John H. 
245 1 0 |a Transportation plan repository and archive /  |c by John H. Overman, Sandy Tucker, and Matt Sandidge. 
264 1 |a College Station, Tex. :  |b University Transportation Center for Mobility, Texas Transportation Institute, Texas A&M University System,  |c [2011] 
300 |a 28 pages :  |b illustrations ;  |c 28 cm. 
336 |a text  |b txt  |2 rdacontent 
337 |a unmediated  |b n  |2 rdamedia 
338 |a volume  |b nc  |2 rdacarrier 
513 |a Final report;  |b Jan. 1, 2010-March 1, 2011. 
500 |a "April 2011." 
536 |a Performed for U.S. Dept. of Transportation, Research and Innovative Technology Administration under contract no.  |b DTRT06-G-0044. 
500 |a "Supported by a grant from the US Department of Transportation, University Transportation Centers Program"--Technical report documentation page. 
610 2 0 |a Texas Transportation Institute.  |b University Transportation Center for Mobility  |x Archives. 
650 0 |a Roads  |z Texas  |x Design and construction  |x Archives. 
700 1 |a Tucker, Sandra L. 
700 1 |a Sandidge, Matt. 
710 1 |a United States.  |b Department of Transportation. 
710 2 |a University Transportation Centers Program (U.S.) 
710 2 |a Texas Transportation Institute.  |b University Transportation Center for Mobility. 
994 |a C0  |b TXA 
999 |a MARS 
999 f f |s 5fa7cb32-8b65-3b59-b222-be0999a332f4  |i 90719587-fb27-34a1-b33e-46be4fa3c2e5  |t 0 
952 f f |p noncirc  |a Texas A&M University  |b College Station  |c Cushing Memorial Library & Archives  |d Cushing: Texas A&M (Does not check out)  |t 0  |e TE175 .O93 2011  |h Library of Congress classification  |i unmediated -- volume 
952 f f |p normal  |a Texas A&M University  |b College Station  |c Sterling C. Evans Library  |d Evans: Library Stacks  |t 0  |e TE175 .O93 2011  |h Library of Congress classification  |i unmediated -- volume  |m A14841376483 
998 f f |a TE175 .O93 2011  |t 0  |l Evans: Library Stacks 
998 f f |a TE175 .O93 2011  |t 0  |l Cushing: Texas A&M (Does not check out)